Normale Ansicht MARC-Ansicht ISBD

Entwürfe zur Umnutzung der Friedenskirche in Frankfurt / Oder durch das Oecumenische EuropaCentrum / (Titelsatznr. 373230)

[ MARC ]
MARC-Details
000 -Satzkennung
Kontrollfeld mit fester Länge 00614nam a22001457a 4500
008 - Feld mit fester Länge zur physischen Beschreibung - Allgemeine Angaben
Kontrollfeld mit fester Länge 240709b |||||||| |||| 00| 0 eng d
040 ## - Katalogisierungsquelle
Original-Katalogisierungsstelle DE-2950
Übertragungsstelle DE-2950
245 ## - Titel
Titel Entwürfe zur Umnutzung der Friedenskirche in Frankfurt / Oder durch das Oecumenische EuropaCentrum /
Verfasserangabe etc. erarbeitet von Andrea Bergner, Annette Karwath, Claudia Urban u.a.
246 ## - Titelvarianten
Hauptsachtitel/Kurztitel Kirche als Centrum
260 ## - Publikation, Vertrieb usw. (Erscheinungsvermerk)
Erscheinungsort, Vertriebsort etc. Frankfurt (Oder)
Name des Verlags, des Vertriebs etc. [BTU Cottbus, Lehrstuhl Entwerfen - Bauen im Bestand. Prof. Inken Baller, Dipl.-Ing. Uwe Wittig]
Date of publication, distribution, etc [1997]
300 ## - Physische Beschreibung
Umfang 62 Seiten
653 ## - Indexierungsterm - Nicht normiert
Nicht-normierter Term Friedenskirche
653 ## - Indexierungsterm - Nicht normiert
Nicht-normierter Term Frankfurt (Oder)
942 ## - Zusätzliche Felder (Koha)
Klassifikation oder Aufstellungssystematik Andere/Generische Klassifikation
Koha-Medientyp Bücher
Exemplare
Ausgeschieden Verloren Klassifikation oder Aufstellungssystematik Beschädigt Nicht entleihbar Permanenter Standort Aktueller Standort Aufstellungsort Erwerbungsdatum Lieferant Kodierter Standort-Qualifier Anzahl Ausleihen Signatur Letzte Aktivität Exemplarnummer Preis gültig von Medientyp
    Andere/Generische Klassifikation     Stadtarchiv Frankfurt (Oder) | Archivbibliothek Stadtarchiv Frankfurt (Oder) | Archivbibliothek Magazin 09/07/2024 OB-Büro M   IV: 1590 09/07/2024 46/2024 09/07/2024 Bücher